| 000 | | | 04252nmc2a22000003x 450 |
| 001 | | | 03ca997f-4d6a-42dd-ac30-75f81eee275c |
| 005 | | | 20190109211909.0 |
| 100 | ## | $a | 20170705l18491851k l0rusy0189 ca |
| 101 | 0# | $a | rus |
| 102 | ## | $a | RU |
| 200 | 1# | $a | Дело о высочайшем повелении об увольнении не по прошениям неспособных к службе чиновников |
| | $j | 27 февраля 1849 г. - 7 мая 1851 г. |
| 251 | ## | $c | Дело |
| 300 | ## | $a | По Канцелярии директора за 1849 год |
| 300 | ## | $a | Ориг. заголовок дела: Дело о высочайшем повелении относительно увольнения чиновников гражданской службы, всех без изъятия ведомств, не по прошениям, а по распоряжениям начальства, за неспособностью. 27 февраля 1849 г. - 7 мая 1851 г |
| 801 | #0 | $a | RU |
| | $b | РГИА |
| | $c | 20170705 |
| | $g | RCR |
| 801 | #1 | $a | RU |
| | $b | ГлавНИВЦ |
| | $c | 20170705 |
| | $2 | rusmarc |
| 801 | #2 | $a | RU |
| | $b | ПБ им. Б.Н. Ельцина |
| | $c | 20190109 |
| | $g | RCR |
| | $2 | rusmarc |
| 850 | ## | $a | РГИА |
| 852 | ## | $a | РГИА |
| | $e | Федеральное казенное учреждение "Российский государственный исторический архив" (РГИА) |
| | $j | 12461 |
| 937 | ## | $h | РГИА |
| | $d | 12247573 |
| | $a | ASBIBLIO_SCAN |
| 462 | #0 | $1 | 001dd3991dc-24e1-42ec-8838-ca4255420416 |
| | $1 | 2001 |
| | $a | 1746-1850 гг. |
| | $1 | 251 |
| | $c | Опись |
| | $1 | 852 |
| | $j | 1 |
| 461 | #0 | $1 | 0019264ebf8-de62-4f1a-9eb4-9f22098dbbd5 |
| | $1 | 2001 |
| | $a | Дирекция императорских театров МИДв |
| | $1 | 251 |
| | $c | Фонд |
| | $1 | 852 |
| | $j | 497 |
| 215 | ## | $a | 10 л. |
| | $d | 36,5х26 см |
| 371 | ## | $a | Документ не является опубликованным и широко распространяемым |
| 105 | ## | $a | y### |
| 122 | 2# | $a | d |
| 517 | 1# | $a | Дело о высочайшем повелении относительно увольнения чиновников гражданской службы, всех без изъятия ведомств, не по прошениям, а по распоряжениям начальства, за неспособностью. 27 февраля 1849 г. - 7 мая 1851 г |
| 035 | ## | $a | 03ca997f-4d6a-42dd-ac30-75f81eee275c |
| 856 | ## | $u | http://readingroom.main.prlib.ru/item.aspx?id_node=n122803336&mode=full |